| Tag |
First Indicator |
Second Indicator |
Subfields |
| LEADER |
00000cem a2200000 a 4500 |
| 001 |
in00001150737 |
| 005 |
20151001061714.0 |
| 007 |
aj canzn |
| 008 |
840320s1984 cou a 0 eng d |
| 034 |
1 |
|
|a a
|b 862000
|d W1063900
|e W0933000
|f N0363000
|g N0255000
|
| 035 |
|
|
|a (OCoLC)10539897
|
| 035 |
|
|
|9 AGD3899AM
|
| 040 |
|
|
|a IGA
|c IGA
|d TXA
|d UtOrBLW
|
| 049 |
|
|
|a TXAC
|
| 052 |
|
|
|a 4031
|
| 090 |
|
|
|a G4031.H8 1984
|b .P4
|
| 110 |
2 |
|
|a Petroleum Information Corporation.
|
| 245 |
1 |
0 |
|a Oil & gas map of Texas :
|b including basins, uplifts, and basement rocks /
|c Petroleum Information Corporation.
|
| 255 |
|
|
|a Scale 1:862,000. (Approx. 1" = 13.6 miles)
|c (W 106⁰39ʹ--W 93⁰30ʹ/N 36⁰30ʹ--N 25⁰50ʹ)
|
| 264 |
|
1 |
|a [Denver, Colo.] :
|b The Corporation,
|c [1984]
|
| 264 |
|
4 |
|c ©1984
|
| 300 |
|
|
|a 1 map :
|b color ;
|c 139 x 146 cm.
|
| 336 |
|
|
|a cartographic image
|b cri
|2 rdacontent
|
| 337 |
|
|
|a unmediated
|b n
|2 rdamedia
|
| 338 |
|
|
|a sheet
|b nb
|2 rdacarrier
|
| 500 |
|
|
|a "Updated to January 1984."
|
| 500 |
|
|
|a Includes oil and gas fields, sedimentary basins, basement rock outcrops, and structural uplifts.
|
| 500 |
|
|
|a Cartographic material.
|
| 650 |
|
0 |
|a Oil fields
|z Texas
|v Maps.
|
| 650 |
|
0 |
|a Natural gas
|z Texas
|x Maps.
|
| 650 |
|
0 |
|a Petroleum
|z Texas
|x Maps.
|
| 650 |
|
0 |
|a Sedimentary rocks
|x Maps.
|
| 650 |
|
0 |
|a Sediments (Geology)
|z Texas
|x Maps.
|
| 740 |
0 |
|
|a Oil and gas map of Texas including basins, uplifts, and basement rocks.
|
| 999 |
|
|
|a MARS
|
| 999 |
f |
f |
|s 8ce6a260-e3e9-32dc-8570-4312c5575c85
|i f2a6d149-3e6d-3d37-bea9-0239243a9fed
|t 0
|
| 952 |
f |
f |
|p normal
|a Texas A&M University
|b College Station
|c Sterling C. Evans Library
|d Evans: Maps (2nd floor)
|t 0
|e G4031.H8 1984 .P4
|h Library of Congress classification
|i unmediated -- sheet
|m A14817075908
|
| 952 |
f |
f |
|p normal
|a Texas A&M University
|b College Station
|c Sterling C. Evans Library
|d Evans: Maps (2nd floor)
|t 0
|e G4031.H8 1984 .P4
|h Library of Congress classification
|i unmediated -- sheet
|m A14815492675
|
| 998 |
f |
f |
|a G4031.H8 1984 .P4
|t 0
|l Evans: Maps (2nd floor)
|
| 998 |
f |
f |
|a G4031.H8 1984 .P4
|t 0
|l Evans: Maps (2nd floor)
|